| 000 | 00568nam a22001811cc4500 | ||
|---|---|---|---|
| 001 | a987680703+Tom2 | ||
| 035 | _aa987680703 | ||
| 008 | 170707s1990 gw |||| 000u rus d | ||
| 020 |
_a5206001406 _95-206-00140-6 |
||
| 245 | 0 | 0 |
_aVtoroj s'ezd narodnych deputatov SSSR _nTom 2 |
| 264 |
_aMoskva : _bIzd. Verchovnogo Soveta SSSR, _c1990 |
||
| 300 | _a686 S. | ||
| 246 | 1 | 2 |
_aVtoroj s'ezd narodnych deputatov SSSR : 12-24 dekabrja 1989 g. ; Stenografičeskij otčet _nTom 2 |
| 773 | 0 | 8 |
_wa987680703 _qTom2 |
| 942 | _cMG | ||
| 040 | _cRU-10907106 | ||
| 003 | RU-10907106 | ||
| 999 |
_c45517 _d45517 |
||